العقل العربي بين مد و جزر / (Record no. 124345)

MARC details
000 -LEADER
fixed length control field 00656nam a22001937a 4500
005 - DATE AND TIME OF LATEST TRANSACTION
control field 20251108175028.0
008 - FIXED-LENGTH DATA ELEMENTS--GENERAL INFORMATION
fixed length control field 250721s2011 xx 000 0 ara d
082 14 - DEWEY DECIMAL CLASSIFICATION NUMBER
Classification number 956.033/زيد
100 1# - MAIN ENTRY--PERSONAL NAME
Personal name الزيدان، رباح حسن
245 10 - TITLE STATEMENT
Title العقل العربي بين مد و جزر /
264 1# - PRODUCTION, PUBLICATION, DISTRIBUTION, MANUFACTURE, AND COPYRIGHT NOTICE
Place of production, publication, distribution, manufacture عمان :
Name of producer, publisher, distributor, manufacturer الأهلية للنشر والتوزيع،
Date of production, publication, distribution, manufacture, or copyright notice 2011.
300 ## - PHYSICAL DESCRIPTION
Extent 288 ص.
650 17 - SUBJECT ADDED ENTRY--TOPICAL TERM
Topical term or geographic name as entry element خلافة عثمان بن عفان 656-644
650 17 - SUBJECT ADDED ENTRY--TOPICAL TERM
Topical term or geographic name as entry element الفتنة الكبرى
650 17 - SUBJECT ADDED ENTRY--TOPICAL TERM
Topical term or geographic name as entry element خلافة علي بن أبي طالب 661-656
650 17 - SUBJECT ADDED ENTRY--TOPICAL TERM
Topical term or geographic name as entry element الخلفاء الراشدون 661-632
942 ## - ADDED ENTRY ELEMENTS (KOHA)
Source of classification or shelving scheme Dewey Decimal Classification
Koha item type Books
Holdings
حالة السحب حالة الفقدان مصدر التصنيف حالة التلف غير قابل للإعارة المكتبة الرئيسية المكتبة الحالية موقع الرف تاريخ التزويد الرقم المتسلسل Total Checkouts رقم الإستدعاء الباركود تاريخ آخر ظهور تاريخ الفاتورة نوع المادة (كوها)
    Dewey Decimal Classification     مكتبة أبو علندا العامة مكتبة أبو علندا العامة الإعارة 16/11/2011 1502298   956.033/زيد PLD00231361 28/07/2025 16/11/2011 Books
    Dewey Decimal Classification     مكتبة الأميرة ايمان العامة مكتبة الأميرة ايمان العامة الإعارة 16/11/2011 1502294   956.033/زيد PLD00231357 28/07/2025 16/11/2011 Books
    Dewey Decimal Classification     مكتبة الجويدة مكتبة الجويدة الإعارة 16/11/2011 1502295   956.033/زيد PLD00231358 28/07/2025 16/11/2011 Books
    Dewey Decimal Classification     مكتبة النصر العامة مكتبة النصر العامة الإعارة 16/11/2011 1502292   956.033/زيد PLD00231355 28/07/2025 16/11/2011 Books
    Dewey Decimal Classification     مكتبة حمزة العامة مكتبة حمزة العامة الإعارة 16/11/2011 1502291   956.033/زيد PLD00231354 28/07/2025 16/11/2011 Books
    Dewey Decimal Classification     مكتبةمؤتة مكتبةمؤتة الإعارة 16/11/2011 1502296   956.033/زيد PLD00231359 28/07/2025 16/11/2011 Books
Implemented & Customized by: BBB with SCIT (Smart Chains for Information Technology)

Powered by Koha